[Event "Aeroflot Open 2016 B"]
[Site "Moscu RUS"]
[Date "2016.03.07"]
[Round "7.29"]
[White "Savitskiy, Sergey"]
[Black "Mirzoyan, David"]
[Result "1-0"]
[WhiteElo "2407"]
[BlackElo "2241"]
[PlyCount "120"]
[EventDate "2016.03.01"]
[EventType "swiss"]
[EventRounds "9"]
[EventCountry "RUS"]
[Source "lmi"]
[SourceDate "2016.03.01"]

1. e4 e5 2. Bc4 Nc6 3. Nf3 Bc5 4. O-O Nf6 5. d3 O-O 6. Nbd2 d6 7. c3 a5 8. a4
Be6 9. Qb3 Qd7 10. Ng5 Bxc4 11. Nxc4 d5 12. Ne3 Bxe3 13. Bxe3 h6 14. Nf3 b6 15.
Rad1 Rad8 16. Rfe1 Rfe8 17. h3 Qe6 18. exd5 Nxd5 19. Bc1 Qg6 20. Qc4 Re6 21.
Re2 Qf6 22. Rde1 Qe7 23. Bd2 Qd6 24. d4 Rde8 25. dxe5 Nxe5 26. Nxe5 Rxe5 27.
Rxe5 Rxe5 28. Rxe5 Qxe5 29. b4 Qd6 30. Qd3 Qe6 31. b5 g5 32. c4 Nf6 33. Bc3 Ne8
34. Qd4 f6 35. c5 Kf7 36. Bd2 f5 37. f4 Nf6 38. cxb6 cxb6 39. fxg5 hxg5 40.
Bxg5 Ne4 41. Bf4 Nc5 42. Bd6 Nxa4 43. Ba3 Qe4 44. Qd7+ Kg6 45. Qc6+ Kf7 46.
Qc7+ Ke6 47. Qd6+ Kf7 48. Kh2 Qe6 49. Qd4 Qe4 50. Qd7+ Kg6 51. Qc6+ Kf7 52.
Qc7+ Ke6 53. Qd6+ Kf7 54. Qd7+ Kg6 55. Bd6 Nc3 56. Qc6 Qxc6 57. bxc6 Nb5 58.
Be5 Na7 59. c7 Kf7 60. Bd4 Nc8 1-0

[Event "Aeroflot Open 2016 B"]
[Site "Moscu RUS"]
[Date "2016.03.07"]
[Round "7.30"]
[White "Kharchenko, Boris"]
[Black "Hojjatova, Aydan"]
[Result "1-0"]
[WhiteElo "2488"]
[BlackElo "2323"]
[PlyCount "79"]
[EventDate "2016.03.01"]
[EventType "swiss"]
[EventRounds "9"]
[EventCountry "RUS"]
[Source "lmi"]
[SourceDate "2016.03.01"]

1. d4 Nf6 2. Nf3 e6 3. Bg5 d5 4. e3 Be7 5. Bd3 O-O 6. Nbd2 Nbd7 7. c3 c5 8. O-O
b6 9. Qb1 Bb7 10. h3 Rc8 11. Bf4 h6 12. Kh1 Re8 13. Bh2 Nf8 14. Ne5 N8d7 15. f4
Bd6 16. g4 Qc7 17. Rf2 Red8 18. Rg2 Bxe5 19. fxe5 Ne4 20. Nxe4 dxe4 21. Bxe4
Nf8 22. Bg3 Ng6 23. Kh2 Ne7 24. Rf2 Bxe4 25. Qxe4 Qc6 26. Qxc6 Nxc6 27. Kg2 Rd7
28. Kf3 Rcd8 29. Ke4 Ne7 30. Rd1 Nc6 31. Rg1 Rd5 32. h4 R5d7 33. h5 Rc8 34. Bh4
Kf8 35. g5 hxg5 36. Bxg5 Ke8 37. Bh4 Kf8 38. Rfg2 g6 39. hxg6 fxg6 40. Rxg6 1-0

[Event "Aeroflot Open 2016 B"]
[Site "Moscu RUS"]
[Date "2016.03.07"]
[Round "7.31"]
[White "Ovod, Evgenija"]
[Black "Badmatsyrenov, Oleg"]
[Result "1-0"]
[WhiteElo "2324"]
[BlackElo "2475"]
[PlyCount "110"]
[EventDate "2016.03.01"]
[EventType "swiss"]
[EventRounds "9"]
[EventCountry "RUS"]
[Source "lmi"]
[SourceDate "2016.03.01"]

1. d4 Nf6 2. Bg5 e6 3. e4 c5 4. d5 d6 5. Nc3 Be7 6. Bb5+ Bd7 7. Bxd7+ Nbxd7 8.
dxe6 fxe6 9. Qd3 Qa5 10. Bd2 Qa6 11. Qxa6 bxa6 12. Nf3 d5 13. Ng5 Nf8 14. exd5
exd5 15. O-O-O h6 16. Nh3 d4 17. Ne2 g5 18. Ng3 Ng6 19. Nf5 Nd5 20. Rhe1 Kd7
21. c4 Nb6 22. b3 Raf8 23. Nxe7 Nxe7 24. f3 Ng6 25. Nf2 Nh4 26. Rg1 Kc6 27.
Rde1 Re8 28. Ng4 Rxe1+ 29. Bxe1 Nf5 30. Ne5+ Kb7 31. Bf2 Re8 32. Re1 Re6 33.
Kd2 Nd6 34. Nd3 Rxe1 35. Bxe1 Nd7 36. g4 Kb6 37. h4 Nf8 38. hxg5 hxg5 39. Bg3
Nf7 40. Nf2 Ne6 41. Kd3 Kc6 42. Ke4 Nfd8 43. Nd3 Kd7 44. Ne5+ Ke7 45. Kd5 Nf7
46. Nd3 Kf6 47. Bb8 a5 48. Bxa7 Nc7+ 49. Kxc5 Nd8 50. Kd6 Nde6 51. Bb6 Ne8+ 52.
Kd5 Ke7 53. Bxd4 N8c7+ 54. Ke4 a4 55. bxa4 Nd8 1-0

[Event "Aeroflot Open 2016 B"]
[Site "Moscu RUS"]
[Date "2016.03.07"]
[Round "7.32"]
[White "Slavin, Alexey"]
[Black "Murtazin, Bulat"]
[Result "0-1"]
[WhiteElo "2384"]
[BlackElo "2315"]
[PlyCount "116"]
[EventDate "2016.03.01"]
[EventType "swiss"]
[EventRounds "9"]
[EventCountry "RUS"]
[Source "lmi"]
[SourceDate "2016.03.01"]

1. d4 Nf6 2. c4 e6 3. g3 Bb4+ 4. Bd2 Qe7 5. Bg2 O-O 6. Nc3 d5 7. a3 Bxc3 8.
Bxc3 Rd8 9. Nf3 Ne4 10. Qc2 c5 11. O-O Nxc3 12. Qxc3 cxd4 13. Nxd4 e5 14. Nb3
d4 15. Qb4 Rd6 16. Na5 Na6 17. Qd2 e4 18. Qf4 f5 19. Rfd1 g5 20. Qc1 Be6 21. c5
Rd5 22. b4 Nxc5 23. bxc5 Rxc5 24. Qd2 b6 25. Nb7 Qxb7 26. Qxg5+ Qg7 27. Qxg7+
Kxg7 28. Rxd4 Rac8 29. g4 Kf6 30. gxf5 Bxf5 31. Rad1 Rc1 32. Kf1 R8c3 33. a4
Rc4 34. a5 b5 35. Ke1 Rxd1+ 36. Rxd1 Ke5 37. Rd8 Ra4 38. Re8+ Kd6 39. Rf8 Ke6
40. Re8+ Kd6 41. Rf8 Ke5 42. Re8+ Kd4 43. e3+ Kc3 44. h3 Rxa5 45. Re5 Bg6 46.
h4 Bf7 47. Bxe4 Bc4 48. f4 Ra2 49. Bxh7 a5 50. h5 a4 51. Bg6 a3 52. Re8 Re2+
53. Kf1 Rxe3+ 54. Kf2 Rxe8 55. Bxe8 a2 56. h6 a1=Q 57. h7 Kd2 58. h8=Q Qxh8 0-1

[Event "Aeroflot Open 2016 B"]
[Site "Moscu RUS"]
[Date "2016.03.07"]
[Round "7.33"]
[White "Gomes, Mary Ann"]
[Black "Soumya, Swaminathan"]
[Result "0-1"]
[WhiteElo "2312"]
[BlackElo "2384"]
[PlyCount "68"]
[EventDate "2016.03.01"]
[EventType "swiss"]
[EventRounds "9"]
[EventCountry "RUS"]
[Source "lmi"]
[SourceDate "2016.03.01"]

1. c4 c6 2. Nf3 d5 3. b3 Bg4 4. Ne5 Bf5 5. Bb2 e6 6. d3 Nf6 7. e3 h6 8. Be2
Qa5+ 9. Nd2 Ba3 10. Qc1 Bxb2 11. Qxb2 O-O 12. O-O Nbd7 13. Nxd7 Nxd7 14. e4
dxe4 15. dxe4 Bh7 16. b4 Qe5 17. Rab1 a5 18. Qxe5 Nxe5 19. f4 Rfd8 20. Nb3 Nd3
21. Bxd3 Rxd3 22. bxa5 Bxe4 23. Rb2 Rc3 24. Nc5 Rxc4 25. Nxb7 Bd5 26. g3 c5 27.
Nd6 Ra4 28. Rfb1 Ra7 29. Rb8+ Kh7 30. h4 Rxa2 31. Rc8 Rg2+ 32. Kf1 Rxa5 33.
Nxf7 Ra7 34. Ne5 Rh2 0-1

[Event "Aeroflot Open 2016 B"]
[Site "Moscu RUS"]
[Date "2016.03.07"]
[Round "7.34"]
[White "Torosyan, Norayr"]
[Black "Elistratov, Semen"]
[Result "1-0"]
[WhiteElo "2378"]
[BlackElo "2335"]
[PlyCount "69"]
[EventDate "2016.03.01"]
[EventType "swiss"]
[EventRounds "9"]
[EventCountry "RUS"]
[Source "lmi"]
[SourceDate "2016.03.01"]

1. e4 c5 2. Nf3 e6 3. d4 cxd4 4. Nxd4 Nc6 5. Nc3 Qc7 6. Be3 Nf6 7. Qf3 a6 8.
O-O-O Bb4 9. Nxc6 Qxc6 10. Bd4 Be7 11. Qg3 O-O 12. e5 Nd5 13. Nxd5 Qxd5 14. Kb1
f5 15. Be2 Qe4 16. Bf3 Qh4 17. Qxh4 Bxh4 18. Rd3 Bd8 19. Rb3 Be7 20. Bxb7 Bxb7
21. Rxb7 Rfc8 22. Rd1 Rab8 23. Rxb8 Rxb8 24. c4 g5 25. Kc2 Kf7 26. c5 Rb7 27.
Kd3 Bf8 28. Rc1 Rb5 29. Kc4 Rb7 30. b4 Ke8 31. a4 Kd8 32. Rc3 h5 33. Rh3 h4 34.
f4 gxf4 35. Rxh4 1-0

[Event "Aeroflot Open 2016 B"]
[Site "Moscu RUS"]
[Date "2016.03.07"]
[Round "7.35"]
[White "Raja, Harshit"]
[Black "Iniyan, P."]
[Result "1/2-1/2"]
[WhiteElo "2341"]
[BlackElo "2295"]
[PlyCount "112"]
[EventDate "2016.03.01"]
[EventType "swiss"]
[EventRounds "9"]
[EventCountry "RUS"]
[Source "lmi"]
[SourceDate "2016.03.01"]

1. e4 c5 2. Nf3 d6 3. d4 cxd4 4. Nxd4 Nf6 5. Nc3 a6 6. Bg5 e6 7. f4 Qc7 8. Qe2
b5 9. e5 dxe5 10. fxe5 Nfd7 11. O-O-O Bb7 12. Qg4 Nc6 13. Nxe6 fxe6 14. Qxe6+
Be7 15. Bxb5 Nc5 16. Qxe7+ Qxe7 17. Bxe7 Kxe7 18. Nd5+ Ke8 19. Nc7+ Ke7 20.
Bxc6 Bxc6 21. Rd6 Be4 22. Nxa8 Rxa8 23. b4 Ne6 24. Rhd1 Ra7 25. R1d2 a5 26. b5
Rb7 27. a4 Nc5 28. R2d4 Bf5 29. Rc6 Nd7 30. Rdc4 Nxe5 31. R4c5 Nxc6 32. bxc6
Rb4 33. Rxf5 Rxa4 34. c7 Rc4 35. Rxa5 Rxc7 36. Rd5 Ke6 37. Rd3 g5 38. Kd2 h5
39. Rd4 Ke5 40. c3 g4 41. Kd3 Rg7 42. g3 Ra7 43. Re4+ Kf5 44. Re3 Rd7+ 45. Ke2
Rc7 46. Rd3 Ke5 47. Kd2 Rc8 48. Rd4 Rf8 49. Ke2 Ra8 50. Kd3 Kf5 51. Rd5+ Kg6
52. Re5 Rd8+ 53. Ke3 Rd1 54. Ra5 Re1+ 55. Kd3 Rd1+ 56. Ke3 Re1+ 1/2-1/2

[Event "Aeroflot Open 2016 B"]
[Site "Moscu RUS"]
[Date "2016.03.07"]
[Round "7.36"]
[White "Musaev, Rasul"]
[Black "Demianjuk, Alexander"]
[Result "0-1"]
[WhiteElo "2297"]
[BlackElo "2336"]
[PlyCount "132"]
[EventDate "2016.03.01"]
[EventType "swiss"]
[EventRounds "9"]
[EventCountry "RUS"]
[Source "lmi"]
[SourceDate "2016.03.01"]

1. e4 c5 2. Nf3 d6 3. d4 cxd4 4. Nxd4 Nf6 5. Nc3 a6 6. Be3 Ng4 7. Bc1 Nf6 8. f3
e6 9. Be3 b5 10. g4 Bb7 11. g5 Nfd7 12. a3 Nb6 13. h4 N8d7 14. Nb3 Rc8 15. Na5
Ba8 16. Qd2 d5 17. exd5 Nxd5 18. Nxd5 Bxd5 19. Be2 Qc7 20. Rc1 Bc5 21. Bxc5
Nxc5 22. Rh3 O-O 23. Kf2 Rfd8 24. Qb4 Qe5 25. Rg3 Na4 26. b3 Nc3 27. Bd3 Na2
28. Re1 Qxg3+ 29. Kxg3 Nxb4 30. axb4 Ba8 31. Re3 g6 32. c4 Rd4 33. Be4 Bxe4 34.
fxe4 bxc4 35. bxc4 Rdxc4 36. Nxc4 Rxc4 37. Kf4 Rxb4 38. Ke5 a5 39. Kf6 a4 40.
Rc3 Rb8 41. Ra3 Ra8 42. Ke7 Kg7 43. Kd6 h6 44. Ke5 Ra5+ 45. Kf4 e5+ 46. Ke3 f6
47. Kd3 hxg5 48. hxg5 fxg5 49. Kc4 Ra8 50. Kd5 Ra5+ 51. Kc6 g4 52. Kb6 Ra8 53.
Kb7 Rd8 54. Rg3 Rd4 55. Rxg4 a3 56. Rg2 Rb4+ 57. Kc6 Rb2 58. Rg3 a2 59. Ra3 Rd2
60. Kc5 g5 61. Kc4 Kg6 62. Kc3 Rf2 63. Ra8 Kh5 64. Kd3 Kg4 65. Ke3 Rh2 66. Ra7
Rh1 0-1

[Event "Aeroflot Open 2016 B"]
[Site "Moscu RUS"]
[Date "2016.03.07"]
[Round "7.37"]
[White "Li, Yankai"]
[Black "Tologontegin, Semetey"]
[Result "0-1"]
[WhiteElo "2175"]
[BlackElo "2370"]
[PlyCount "136"]
[EventDate "2016.03.01"]
[EventType "swiss"]
[EventRounds "9"]
[EventCountry "RUS"]
[Source "lmi"]
[SourceDate "2016.03.01"]

1. e4 c5 2. Nf3 e6 3. d4 cxd4 4. Nxd4 a6 5. c4 Nf6 6. Nc3 Qc7 7. a3 b6 8. Be3
Bb7 9. f3 d6 10. Be2 Be7 11. Qd2 O-O 12. O-O Nbd7 13. Rfc1 Rfc8 14. a4 Rab8 15.
Kh1 Qd8 16. b3 h6 17. Rc2 Ba8 18. Bf1 Ne5 19. Rca2 Nfd7 20. Be2 Nc5 21. Rb1 Qc7
22. Rc2 Qb7 23. Ra2 Bd8 24. Qd1 Qe7 25. Rd2 Bc7 26. Nc2 Rd8 27. Bf1 Ng6 28. Qe1
Rf8 29. Nd4 Kh8 30. Rbd1 Rfd8 31. Qf2 Ne5 32. Rb1 Ncd7 33. Rbd1 g5 34. Kg1 Rg8
35. b4 Rg6 36. Nb3 Kh7 37. Be2 Qf8 38. Rf1 Qg7 39. Nd4 Rg8 40. h3 Qf8 41. Qe1
Qc8 42. Rf2 Bb8 43. Qf1 Nf6 44. Nb3 Qc7 45. g4 Nfd7 46. Nd1 Bc6 47. Nb2 Bb7 48.
Qd1 Rf8 49. Nd4 Rg7 50. Rc2 Ng6 51. Nd3 Rc8 52. Kf1 Rgg8 53. Qc1 Qd8 54. Ke1
Qe7 55. Bf1 d5 56. cxd5 Bg3 57. dxe6 fxe6 58. Qb2 Nde5 59. Nxe5 Nxe5 60. b5
Rxc2 61. Qxc2 Qb4+ 62. Kd1 Bxf2 63. Bxf2 Rc8 64. Qb3 Qc5 65. Be3 Rd8 66. Qxe6
Bc8 67. Qf6 Rf8 68. Nf5 Rxf6 0-1

[Event "Aeroflot Open 2016 B"]
[Site "Moscu RUS"]
[Date "2016.03.07"]
[Round "7.38"]
[White "Bashirli, Nail"]
[Black "Abdulov, Orkhan"]
[Result "1/2-1/2"]
[WhiteElo "2332"]
[BlackElo "2354"]
[PlyCount "103"]
[EventDate "2016.03.01"]
[EventType "swiss"]
[EventRounds "9"]
[EventCountry "RUS"]
[Source "lmi"]
[SourceDate "2016.03.01"]

1. e4 c5 2. Nf3 Nc6 3. d4 cxd4 4. Nxd4 Nf6 5. Nc3 e5 6. Ndb5 d6 7. Bg5 a6 8.
Na3 Be7 9. Bxf6 Bxf6 10. Nd5 b5 11. c3 Bg5 12. Nc2 Rb8 13. a4 bxa4 14. Ncb4 Bd7
15. Bxa6 Nxb4 16. cxb4 O-O 17. O-O Bc6 18. Bc4 Bxd5 19. Bxd5 Rxb4 20. Rxa4 Rxb2
21. Qg4 Qf6 22. Ra3 g6 23. Qd7 Rd8 24. Qc7 Qe7 25. Qxe7 Bxe7 26. Rf3 Rf8 27. g3
Rc2 28. Ra1 Rc7 29. Ra6 Kg7 30. Kg2 f5 31. h4 fxe4 32. Rxf8 Kxf8 33. Bxe4 Rc5
34. Rc6 Ra5 35. h5 gxh5 36. Bxh7 Kg7 37. Be4 d5 38. Bf5 Ra2 39. Be6 Rd2 40. Kh3
d4 41. f3 Rf2 42. Rc7 Kf6 43. Rc6 Kg7 44. Rc7 Kf8 45. Rc8+ Bd8 46. Bd5 Ke7 47.
Be4 Rd2 48. Rc5 Ke6 49. Rc6+ Kd7 50. Rh6 h4 51. gxh4 Rd1 52. Bc2 1/2-1/2

[Event "Aeroflot Open 2016 B"]
[Site "Moscu RUS"]
[Date "2016.03.07"]
[Round "7.39"]
[White "Kostromin, Mikhail"]
[Black "Lomasov, Semen"]
[Result "1/2-1/2"]
[WhiteElo "2322"]
[BlackElo "2350"]
[PlyCount "77"]
[EventDate "2016.03.01"]
[EventType "swiss"]
[EventRounds "9"]
[EventCountry "RUS"]
[Source "lmi"]
[SourceDate "2016.03.01"]

1. e4 e6 2. d4 d5 3. Nc3 Nf6 4. e5 Nfd7 5. f4 c5 6. Nf3 Nc6 7. Be3 Be7 8. Be2
O-O 9. O-O f5 10. exf6 Nxf6 11. Kh1 Bd6 12. dxc5 Ng4 13. Ng5 Nxe3 14. Qd3 Rf5
15. Qxe3 Bxf4 16. Rxf4 Qxg5 17. Raf1 Bd7 18. Qg3 Qxg3 19. hxg3 Ne7 20. b4 b6
21. Ba6 bxc5 22. bxc5 Rb8 23. a4 g5 24. R4f3 Rxf3 25. Rxf3 Nf5 26. Nb5 Bc8 27.
Bxc8 Rxc8 28. g4 Ne7 29. Re3 Rxc5 30. Rxe6 Ng6 31. Re8+ Kg7 32. Ra8 Rxc2 33.
Rxa7+ Kf6 34. a5 Ne5 35. Ra6+ Ke7 36. Ra7+ Kf6 37. Ra6+ Ke7 38. Ra7+ Kf6 39.
Ra6+ 1/2-1/2

[Event "Aeroflot Open 2016 B"]
[Site "Moscu RUS"]
[Date "2016.03.07"]
[Round "7.40"]
[White "Gevorgyan, David Sh"]
[Black "Erzhanov, Arman"]
[Result "1-0"]
[WhiteElo "2346"]
[BlackElo "2305"]
[PlyCount "145"]
[EventDate "2016.03.01"]
[EventType "swiss"]
[EventRounds "9"]
[EventCountry "RUS"]
[Source "lmi"]
[SourceDate "2016.03.01"]

1. d4 Nf6 2. c4 e6 3. Nf3 b6 4. g3 Ba6 5. Nbd2 d5 6. Bg2 Be7 7. O-O O-O 8. Ne5
Bb7 9. b3 Nbd7 10. Bb2 c5 11. e3 Rc8 12. Rc1 Rc7 13. Qe2 Qa8 14. cxd5 Nxd5 15.
Nxd7 Rxd7 16. e4 Nb4 17. a3 Na6 18. d5 Rfd8 19. Qg4 Bf8 20. Bf6 Re8 21. Bh3 Kh8
22. Bc3 Nc7 23. a4 Rdd8 24. Qh5 Kg8 25. Nf3 f6 26. Nh4 Bc8 27. e5 fxe5 28. Bxe5
exd5 29. Bxc7 Bxh3 30. Bxd8 Qxd8 31. Rfe1 Be6 32. Ng2 d4 33. Nf4 Bf7 34. Qf3
Bd6 35. Rxe8+ Qxe8 36. Nd3 Qd8 37. Re1 Bf8 38. Ne5 Bd5 39. Qd1 Qc8 40. f3 Qf5
41. Kg2 g5 42. h3 h5 43. g4 hxg4 44. hxg4 Qe6 45. Qd2 Qf6 46. Qd3 Bg7 47. Ng6
Bxf3+ 48. Qxf3 Qxg6 49. Qd5+ Kh7 50. Qe4 Qxe4+ 51. Rxe4 d3 52. Kf3 d2 53. Ke2
Bc3 54. Re7+ Kg6 55. Rxa7 Kf6 56. Rb7 Ba5 57. Kd1 Kg6 58. b4 cxb4 59. Kxd2 Kf6
60. Kc2 Ke6 61. Kb3 Kf6 62. Rd7 Ke6 63. Rd1 Kf6 64. Rf1+ Kg7 65. Rf5 Kg6 66.
Rf3 Kg7 67. Kc4 Kg6 68. Kd5 Kg7 69. Rb3 Kf6 70. Kd6 Kf7 71. Ke5 Ke7 72. Rd3 Kf7
73. Kf5 1-0

[Event "Aeroflot Open 2016 B"]
[Site "Moscu RUS"]
[Date "2016.03.07"]
[Round "7.41"]
[White "Melia, Salome"]
[Black "Qiu, Mengjie"]
[Result "0-1"]
[WhiteElo "2452"]
[BlackElo "2169"]
[PlyCount "71"]
[EventDate "2016.03.01"]
[EventType "swiss"]
[EventRounds "9"]
[EventCountry "RUS"]
[Source "lmi"]
[SourceDate "2016.03.01"]

1. e4 c6 2. Nc3 d5 3. Nf3 Nf6 4. e5 Ne4 5. h3 e6 6. Bd3 Nc5 7. Bf1 Ne4 8. Qe2
Nxc3 9. dxc3 c5 10. Bf4 Nc6 11. O-O-O c4 12. g4 Bd7 13. h4 Qa5 14. Kb1 b5 15.
Rh3 b4 16. cxb4 Bxb4 17. Nd4 Rb8 18. Nxc6 Bxc6 19. Ka1 O-O 20. Bd2 Rfc8 21.
Bxb4 Qxb4 22. c3 Qa5 23. h5 Rb6 24. h6 Rcb8 25. Rd2 Ba4 26. hxg7 Bb3 27. a3 Ra6
28. Qe3 Qa4 29. Qc5 Bc2 30. Bxc4 dxc4 31. Qe7 Bg6 32. Rd8+ Rxd8 33. Qxd8+ Kxg7
34. Rh1 Bd3 35. f4 Qc6 36. Rh2 0-1

[Event "Aeroflot Open 2016 B"]
[Site "Moscu RUS"]
[Date "2016.03.07"]
[Round "7.42"]
[White "Spichkin, Alexander"]
[Black "Arabidze, Meri"]
[Result "1-0"]
[WhiteElo "2130"]
[BlackElo "2390"]
[PlyCount "107"]
[EventDate "2016.03.01"]
[EventType "swiss"]
[EventRounds "9"]
[EventCountry "RUS"]
[Source "lmi"]
[SourceDate "2016.03.01"]

1. d4 d5 2. Bf4 Nf6 3. e3 c5 4. c3 Nc6 5. Nd2 Bf5 6. Bb5 e6 7. Ngf3 Qb6 8. Qa4
Nd7 9. O-O Be7 10. Rfe1 O-O 11. e4 Bxe4 12. Nxe4 dxe4 13. Rxe4 cxd4 14. cxd4
Nf6 15. Bxc6 bxc6 16. Re2 c5 17. Be5 Qb4 18. Qc2 Rac8 19. dxc5 Rxc5 20. Bc3 Qb7
21. Rd1 Qa6 22. Qd3 Qxd3 23. Rxd3 Nd5 24. Bd4 Ra5 25. Bc3 Nxc3 26. bxc3 Rc8 27.
Rc2 Ra4 28. Kf1 h6 29. Ke2 Bf6 30. Nd2 Bg5 31. Nf3 Bf6 32. g3 Bd8 33. c4 Bb6
34. Nd2 Rc7 35. f3 Kf8 36. Rd8+ Ke7 37. Rg8 g6 38. g4 Rc5 39. h4 h5 40. g5 Bc7
41. Kd3 Rf5 42. Ra8 Ra3+ 43. Ke2 Rfa5 44. c5 Rxa2 45. Rxa2 Rxa2 46. Kd3 Ra3+
47. Kc4 Kd7 48. Nb3 Ra4+ 49. Kb5 Rxh4 50. Rxa7 Rh1 51. c6+ Kd6 52. Nd2 Bb8 53.
Nc4+ Kd5 54. Rd7+ 1-0

[Event "Aeroflot Open 2016 B"]
[Site "Moscu RUS"]
[Date "2016.03.07"]
[Round "7.43"]
[White "Aslanov, Farid"]
[Black "Kulkarni, Rakesh"]
[Result "1/2-1/2"]
[WhiteElo "2171"]
[BlackElo "2357"]
[PlyCount "119"]
[EventDate "2016.03.01"]
[EventType "swiss"]
[EventRounds "9"]
[EventCountry "RUS"]
[Source "lmi"]
[SourceDate "2016.03.01"]

1. d4 Nf6 2. Nf3 e6 3. c4 c5 4. Nc3 cxd4 5. Nxd4 d5 6. cxd5 exd5 7. g3 Nc6 8.
Bg2 Be7 9. O-O O-O 10. h3 Re8 11. Be3 Bd6 12. Qd2 h6 13. Kh2 Ne5 14. Nxd5 Nc4
15. Qc3 Nxd5 16. Qxc4 Nxe3 17. fxe3 Qg5 18. Qxf7+ Kh7 19. Rf3 Rxe3 20. Rxe3
Qxe3 21. Nf5 Bxf5 22. Qxf5+ Kh8 23. Qf3 Qe5 24. Rd1 Rf8 25. Qd3 Rd8 26. Rf1
Qxb2 27. Rf5 Be7 28. Rd5 Rf8 29. Rd7 Bc5 30. Rxb7 Qa1 31. Rb1 Qxa2 32. Rf1 Re8
33. e4 a5 34. Qb5 Rc8 35. Qd7 Rf8 36. Rxf8+ Bxf8 37. e5 Qf2 38. e6 Qf6 39. h4
Qe7 40. Qxe7 Bxe7 41. Bc6 Bd6 42. Kg2 Kg8 43. Ba4 Kf8 44. Kf3 Ke7 45. Bb3 Kf6
46. g4 Ke5 47. Ke3 Bc5+ 48. Kf3 Be7 49. h5 Bg5 50. Ke2 Kd4 51. Kd1 Kc3 52. Ba4
Kb4 53. Bc6 Kb3 54. Bd5+ Kb2 55. Bc6 Kc3 56. Ba4 Kd3 57. Bb5+ Ke3 58. e7 Bxe7
59. Kc2 Kf3 60. Bd7 1/2-1/2

[Event "Aeroflot Open 2016 B"]
[Site "Moscu RUS"]
[Date "2016.03.07"]
[Round "7.44"]
[White "Oganisian, Roman"]
[Black "Yuan, Ye"]
[Result "1/2-1/2"]
[WhiteElo "2337"]
[BlackElo "2140"]
[PlyCount "87"]
[EventDate "2016.03.01"]
[EventType "swiss"]
[EventRounds "9"]
[EventCountry "RUS"]
[Source "lmi"]
[SourceDate "2016.03.01"]

1. d4 Nf6 2. c4 g6 3. Nc3 d5 4. Bf4 Bg7 5. Rc1 O-O 6. Nf3 dxc4 7. e4 Bg4 8.
Bxc4 Nh5 9. Be3 e5 10. d5 Qf6 11. h3 Bxf3 12. Qxf3 Qxf3 13. gxf3 a6 14. Bb3 Nd7
15. Ne2 Rfc8 16. Kd2 Bf8 17. Rc2 Bd6 18. Rhc1 Kf8 19. Ba4 Ke7 20. Kd3 f5 21.
Bg5+ Ndf6 22. Ng3 f4 23. Nxh5 gxh5 24. Bxf6+ Kxf6 25. Bd7 Rg8 26. Bf5 Rg7 27.
Rc3 h6 28. Rb3 Rb8 29. Be6 Re7 30. a3 Ree8 31. Rbc3 a5 32. Rb3 Re7 33. Rb5 b6
34. Ke2 a4 35. Rc4 Ra8 36. Rc6 Rb8 37. Bf5 Ree8 38. Rc1 Ra8 39. Rc6 Red8 40.
Rb4 Rdb8 41. Rbc4 b5 42. Rc2 b4 43. axb4 Rxb4 44. R6c4 1/2-1/2

[Event "Aeroflot Open 2016 B"]
[Site "Moscu RUS"]
[Date "2016.03.07"]
[Round "7.45"]
[White "Pustovoitova, Daria"]
[Black "Bogumil, Tatiana"]
[Result "1-0"]
[WhiteElo "2337"]
[BlackElo "2132"]
[PlyCount "113"]
[EventDate "2016.03.01"]
[EventType "swiss"]
[EventRounds "9"]
[EventCountry "RUS"]
[Source "lmi"]
[SourceDate "2016.03.01"]

1. d4 Nf6 2. Nf3 e6 3. c4 b6 4. g3 Bb7 5. Bg2 Bb4+ 6. Bd2 Be7 7. O-O O-O 8. Nc3
c5 9. d5 exd5 10. Nh4 g6 11. cxd5 d6 12. e4 Nfd7 13. Nf3 Ba6 14. Re1 Bf6 15. a4
Re8 16. Bf4 Ne5 17. Bxe5 dxe5 18. d6 Qd7 19. Qd5 Nc6 20. Bh3 Qb7 21. Nb5 Nb4
22. Qxb7 Bxb7 23. Rad1 Red8 24. Rd2 Bc6 25. b3 a6 26. Nc7 Ra7 27. Bf1 h5 28. h4
Kg7 29. Bc4 Bd7 30. Kg2 Bg4 31. Nh2 Bd7 32. Nf1 Nc6 33. Nxa6 Nd4 34. Nc7 Bc6
35. Nd5 Bxd5 36. Bxd5 Rxd6 37. Ne3 Rd8 38. Rb2 Be7 39. Nc4 b5 40. axb5 Nxb5 41.
Nxe5 Bf6 42. Nc6 Bxb2 43. Nxd8 Nc3 44. Bc4 Rd7 45. Nc6 f6 46. f4 Rd2+ 47. Kf3
Rd6 48. Na5 Rb6 49. e5 fxe5 50. fxe5 Nb5 51. e6 Nc7 52. e7 Bc3 53. Rd1 Bxa5 54.
Rd7 Ne8 55. Rd8 Rf6+ 56. Kg2 Nc7 57. Rc8 1-0

[Event "Aeroflot Open 2016 B"]
[Site "Moscu RUS"]
[Date "2016.03.08"]
[Round "8.1"]
[White "Rozum, Ivan"]
[Black "Vavulin, Maksim"]
[Result "1-0"]
[WhiteElo "2543"]
[BlackElo "2456"]
[PlyCount "75"]
[EventDate "2016.03.01"]
[EventType "swiss"]
[EventRounds "9"]
[EventCountry "RUS"]
[Source "lmi"]
[SourceDate "2016.03.01"]

1. d4 Nf6 2. c4 e6 3. Nc3 c5 4. d5 exd5 5. cxd5 d6 6. e4 g6 7. Bd3 Bg7 8. h3
O-O 9. Nf3 b5 10. Bxb5 Nxe4 11. Nxe4 Qa5+ 12. Nfd2 Qxb5 13. Nxd6 Qa6 14. N2c4
Nd7 15. O-O Ne5 16. Nxc8 Qxc4 17. Nd6 Qa6 18. Ne4 Nd3 19. Qc2 c4 20. Bg5 Rfe8
21. Nc3 Qa5 22. Rab1 Rac8 23. d6 Qf5 24. Be7 Be5 25. Qa4 Nf4 26. Rfe1 Rb8 27.
Rbd1 Nd3 28. Re2 Kg7 29. Rf1 Nf4 30. Re3 Bxc3 31. bxc3 Nd5 32. Qxc4 Nxe3 33.
fxe3 Rb1 34. Rxb1 Qxb1+ 35. Kh2 Qb8 36. Qf4 Qb7 37. Bf6+ Kg8 38. Qh6 1-0

[Event "Aeroflot Open 2016 B"]
[Site "Moscu RUS"]
[Date "2016.03.08"]
[Round "8.2"]
[White "Demidov, Mikhail"]
[Black "Diermair, Andreas"]
[Result "1-0"]
[WhiteElo "2490"]
[BlackElo "2450"]
[PlyCount "105"]
[EventDate "2016.03.01"]
[EventType "swiss"]
[EventRounds "9"]
[EventCountry "RUS"]
[Source "lmi"]
[SourceDate "2016.03.01"]

1. d4 d5 2. Nf3 Nf6 3. e3 c5 4. c4 cxd4 5. exd4 Nc6 6. Nc3 Bg4 7. cxd5 Nxd5 8.
Qb3 Bxf3 9. gxf3 e6 10. Qxb7 Nxd4 11. Bb5+ Nxb5 12. Qxb5+ Qd7 13. Qxd7+ Kxd7
14. Nxd5 exd5 15. Be3 Bb4+ 16. Ke2 Rhe8 17. Rad1 Kd6 18. Rhg1 g6 19. Rg4 Bc5
20. Ra4 Rab8 21. b3 Re5 22. f4 Rf5 23. Bxc5+ Kxc5 24. Rc1+ Kd6 25. Ra6+ Rb6 26.
Rxa7 Rb4 27. Ra6+ Kd7 28. Ra7+ Kd6 29. Ra6+ Kd7 30. Kf1 Rbxf4 31. Rc2 Rb4 32.
Rb2 Rf3 33. Kg2 Rc3 34. h3 h5 35. Rd2 d4 36. Rf6 d3 37. Rxf7+ Ke6 38. Rg7 Kf5
39. Rd7 Ke4 40. Rd1 Rb5 41. Re1+ Kf4 42. h4 Re5 43. Rh1 Re2 44. Rh3 Rcc2 45.
Rf3+ Ke4 46. Rdxd3 Rxa2 47. Rd6 Reb2 48. Rxg6 Ra1 49. Re3+ Kd4 50. Rd6+ Kc5 51.
Rh6 Rab1 52. Rxh5+ Kb4 53. Rd5 1-0

[Event "Aeroflot Open 2016 B"]
[Site "Moscu RUS"]
[Date "2016.03.08"]
[Round "8.3"]
[White "Iljiushenok, Ilia"]
[Black "Arribas Lopez, Angel"]
[Result "1-0"]
[WhiteElo "2479"]
[BlackElo "2543"]
[PlyCount "101"]
[EventDate "2016.03.01"]
[EventType "swiss"]
[EventRounds "9"]
[EventCountry "RUS"]
[Source "lmi"]
[SourceDate "2016.03.01"]

1. e4 c5 2. Nf3 d6 3. d4 cxd4 4. Nxd4 Nf6 5. Nc3 g6 6. Be3 Bg7 7. f3 Nc6 8. Qd2
O-O 9. g4 h5 10. gxh5 Nxh5 11. O-O-O Nxd4 12. Bxd4 Bxd4 13. Qxd4 Be6 14. Qd2
Qa5 15. f4 Bxa2 16. f5 Rac8 17. Rg1 Ng7 18. fxg6 fxg6 19. Rxg6 Bf7 20. Rg3 Bh5
21. Re1 Rf3 22. Rxf3 Bxf3 23. Bh3 Rf8 24. Rg1 Qh5 25. Rg3 Kh7 26. Kb1 b5 27.
Bd7 b4 28. Rh3 Qxh3 29. Bxh3 bxc3 30. Qg5 Rf6 31. bxc3 Kg8 32. e5 dxe5 33. Qxe5
Kf7 34. c4 Ne6 35. c5 Bc6 36. Bf5 Ng5 37. Bd3 Nf3 38. Bc4+ Kg6 39. Bd3+ Kf7 40.
Bc4+ Kg6 41. Qg3+ Kf5 42. Bd3+ Ke6 43. h4 Ne5 44. h5 Bf3 45. Qg8+ Kd7 46. Bb5+
Nc6 47. Qg5 a6 48. Bd3 Nd8 49. Bg6 Ne6 50. Qe5 Nf8 51. Be4 1-0